Statistiken für Film Zitate

Klicken Sie hier um das Quiz zu spielen!

Allgemein

  • Dieses Quiz wurde 123 mal gespielt
  • Das Durchschnittsergebnis liegt bei 2 aus 11

Antwortstatistiken

HintAntwort% Korrekt
"Was war denn los, Mama? Warum sind denn alle weggelaufen?" - "Jäger! Jäger waren im Wald."Bambi
55%
"Gut gemacht Bruder,du hast nicht nur diesem Typen nicht das Leben gerettet, du bist jetzt auch noch der beste Freund von Cyrus dem scheiß Virus!"Con Air
29%
"Mama, da im Fernsehen ist dieser Vertreter" - "Schatz, das ist kein Vertreter. Dieser Mann ist dein Vater!Armageddon
28%
"Ich les Ihr vor und Sie erinnert sich!"Wie ein einziger Tag
25%
"Das Gesetz der 4, wer ist Patient 67?"Shutter Island
17%
"Ist das der Hund, von dem alle Welt spricht?"Hachiko
13%
"Du hast mir innerhalb meiner gezählten Tage eine Ewigkeit geschenkt. Und ich kann Dir gar nicht sagen, wie dankbar ich Dir für unsere kleine Unendlichkeit bin."Das Schicksal ist ein mieser Verräter
11%
"Ich krieg von Pfirsichen einfach nie genug."Face/Off
11%
"Es ist faszinierend Molly, die Liebe im innern, die nimmt man mit.....wir sehen uns."Ghost
9%
"In sieben Tagen erschuf Gott die Welt. Und in sieben Sekunden... habe ich meine zertrümmert"Sieben Leben
7%
"Bei dir wird das nie so gut aussehen. Das da ist Öl und Du bist Milch. Es bringt nichts wenn man es mischt."Save the last Dance
5%

Verteilung der Resultate

Perzentil nach korrekt beantworteten Fragen

Anzahl Personen mit jedem Resultat

Ihre Resultats-Entwicklung

Sie haben dieses Quiz noch nicht gespielt